Malé Karpaty, Bratislavské singletraily cyklomapa

Bibliographic Details
Corporate Author: SHOCart (Zádveřice-Raková, Česko) (Author)
Format: Map
Language:Slovak
PhysicalDescription:1 mapa obojstranná, farebná 43 x 60 cm, zložené na 21 x 12 cm
Published: [Zádveřice-Raková] SHOCart [2023]
Subjects:

MARC

LEADER 00000cem a2200000 4500
001 vtls012289437
003 SK-MaSNL
005 20260301232444.0
007 aj canzn
008 260109s2023 xr ajbg a 00 slo
034 0 |a a 
040 |a SNK  |b slo  |c SNK  |e rda 
041 0 |a slo 
043 |a e-xo--- 
044 |a xr  |c CZ 
072 7 |a 913(437)  |x Geografia Česka a Slovenska, reálie, cestovanie  |2 konspekt 
072 7 |a 912  |x Mapy. Atlasy  |2 konspekt 
080 |a 796.61  |2 2011 
110 2 |a SHOCart (Zádveřice-Raková, Česko)  |4 aut  |9 331128 
245 1 0 |a Malé Karpaty, Bratislavské singletraily  |b cyklomapa 
246 3 0 |a Bratislavské singletraily 
255 |a Mierka neuvedená 
264 1 |a [Zádveřice-Raková]  |b SHOCart  |c [2023] 
300 |a 1 mapa  |b obojstranná, farebná  |c 43 x 60 cm, zložené na 21 x 12 cm 
336 |a kartografický obraz  |b cri  |2 rdacontent 
337 |a bez média  |b n  |2 rdamedia 
338 |a list  |b nb  |2 rdacarrier 
500 |a Príloha "Relax exkluzívne" časopisu Biker, číslo 3/2023 
500 |a Vydavateľské údaje z externých zdrojov 
500 |a Popis cyklotrás s výškovými profilmi, stručný vlastivedný text 
650 0 7 |a cykloturistika  |2 SNKPH  |9 3264 
655 7 |a cykloturistické mapy  |2 SNKPH  |9 70791 
772 0 8 |i Príloha časopisu:  |t Biker  |x 1337-981X 
852 |a Slovenská národná knižnica 
999 |c 961427  |d 963357 
952 |a SNK  |b SNK  |y NEVYP  |7 1  |p 17A1583058  |o snkSLCm 3738  |i snk2026/236  |8 1  |0 0  |1 0  |4 0  |d 2026-01-09  |l 0  |r 2026-02-24 10:19:24  |w 2026-02-24